000 00632nam a2200229Ia 4500
003 OSt
005 20221005131531.0
006 a|||||r|||| 00| 0
007 ta
008 221004b |||||||| |||| 00| 0 eng d
024 _a67536
037 _cTextual
040 _aCRL
_cCRL
_beng
041 _2eng
_aeng
082 _aV671:5:D1, J7;1
100 _aMurray Margaret A.
_9476176
245 0 _aSplendour that was Egypt
_b A general survey of Egyptian culture and civilisation
260 _c1957
650 _aHISTORY
942 _hV671:5:D1, J7;1
_cTEXL
_2cc
999 _c1060623
_d1060623